000
00192nam a22000857a 4500
999
_c
23726
_d
23726
005
20250212112843.0
008
250212b ||||| |||| 00| 0 eng d
040
_c
sk
245
_a
Poce sebe pohutoric